<?xml version="1.0" encoding="UTF-8"?>
<record
    xmlns:xsi="http://www.w3.org/2001/XMLSchema-instance"
    xsi:schemaLocation="http://www.loc.gov/MARC21/slim http://www.loc.gov/standards/marcxml/schema/MARC21slim.xsd"
    xmlns="http://www.loc.gov/MARC21/slim">

  <leader>01001cam a2200277   4500</leader>
  <controlfield tag="001">sa 68019767 </controlfield>
  <controlfield tag="003">DLC</controlfield>
  <controlfield tag="005">20260227112719.0</controlfield>
  <controlfield tag="008">720605s1968    ii ab         10000 eng  </controlfield>
  <datafield tag="010" ind1=" " ind2=" ">
    <subfield code="a">sa 68019767 //r91</subfield>
  </datafield>
  <datafield tag="025" ind1=" " ind2=" ">
    <subfield code="a">PL480:I-E-1087</subfield>
  </datafield>
  <datafield tag="040" ind1=" " ind2=" ">
    <subfield code="a">DLC</subfield>
    <subfield code="c">DLC</subfield>
    <subfield code="d">CU</subfield>
  </datafield>
  <datafield tag="043" ind1=" " ind2=" ">
    <subfield code="a">a-ii---</subfield>
  </datafield>
  <datafield tag="050" ind1="0" ind2="0">
    <subfield code="a">SD88.W4</subfield>
    <subfield code="b">A3 no. 13</subfield>
    <subfield code="a">SD646.W4</subfield>
  </datafield>
  <datafield tag="082" ind1="0" ind2="0">
    <subfield code="a">634.9/0954/14 s</subfield>
    <subfield code="a">658/.93/49095414</subfield>
  </datafield>
  <datafield tag="110" ind1="1" ind2="0">
    <subfield code="a">West Bengal (India).</subfield>
    <subfield code="b">Office of the Chief Conservator of Forests.</subfield>
    <subfield code="b">Planning and Statistical Cell.</subfield>
  </datafield>
  <datafield tag="245" ind1="1" ind2="2">
    <subfield code="a">A guide to forest management in West Bengal.</subfield>
  </datafield>
  <datafield tag="260" ind1="1" ind2=" ">
    <subfield code="a">[Calcutta]</subfield>
    <subfield code="c">1968.</subfield>
  </datafield>
  <datafield tag="300" ind1=" " ind2=" ">
    <subfield code="a">68 l.</subfield>
    <subfield code="b">illus., map.</subfield>
    <subfield code="c">30 cm.</subfield>
  </datafield>
  <datafield tag="350" ind1=" " ind2=" ">
    <subfield code="a">Rs2.00</subfield>
  </datafield>
  <datafield tag="410" ind1="1" ind2="1">
    <subfield code="a">Its</subfield>
    <subfield code="t">Bulletin</subfield>
    <subfield code="v">no. 13</subfield>
  </datafield>
  <datafield tag="500" ind1=" " ind2=" ">
    <subfield code="a">"Published on the occasion of Ninth Commonwealth Forestry Conference, New Delhi, 1968."</subfield>
  </datafield>
  <datafield tag="650" ind1=" " ind2="0">
    <subfield code="a">Forest management</subfield>
    <subfield code="z">India</subfield>
    <subfield code="z">West Bengal.</subfield>
  </datafield>
  <datafield tag="650" ind1=" " ind2="0">
    <subfield code="a">Forests and forestry</subfield>
    <subfield code="z">India</subfield>
    <subfield code="z">West Bengal.</subfield>
  </datafield>
  <datafield tag="711" ind1="2" ind2="0">
    <subfield code="a">British Commonwealth Forestry Conference,</subfield>
    <subfield code="b">9th,</subfield>
    <subfield code="c">Delhi,</subfield>
    <subfield code="d">1968.</subfield>
  </datafield>
  <datafield tag="999" ind1=" " ind2=" ">
    <subfield code="c">89062</subfield>
    <subfield code="d">89062</subfield>
  </datafield>
</record>
